000 00496nam a2200193Ia 4500
003 OSt
005 20140507094247.0
008 140130s9999 xx 000 0 und d
020 _a0439443717
050 _aPZ 8.3
_b.P125Sh 2002
100 _aPackard, Mary
245 _cPackard, Mary
_aShy scarecrow goes to school /
260 _bScholastic,
_aNew York :
_c2002.
300 _a1 v. (unpaged) :
_bcol. ill. ;
_c23 cm.
521 _aG1
526 _c190
942 _cBK
_2lcc
999 _c39939
_d39939